[Event "OPEN74"]
[Site "Annecy"]
[Date "2024.05.08"]
[Round "1.1"]
[White "Saya, Ethan"]
[Black "Brassoud, Raymond"]
[Result "1-0"]
[WhiteElo "2231"]
[BlackElo "1640"]
[Annotator "famil"]
[PlyCount "27"]
[EventDate "2024.05.08"]
[EventType "swiss"]
[EventRounds "7"]
[EventCountry "FRA"]

1. d4 Nf6 2. c4 e6 3. Nc3 d5 4. cxd5 Nxd5 (4... exd5) 5. Nf3 Nc6 6. e4 Nf6 7.
Be3 Bb4 8. Bd3 a6 9. O-O O-O 10. Bc2 Re8 11. e5 Nd5 12. Bxh7+ Kxh7 13. Ng5+ Kg8
14. Qh5 1-0

[Event "OPEN74"]
[Site "Annecy"]
[Date "2024.01.08"]
[Round "1.10"]
[White "fer, lilian"]
[Black "laruaz, maxime"]
[Result "0-1"]
[WhiteElo "1542"]
[BlackElo "1824"]
[PlyCount "65"]
[EventDate "2024.05.08"]
[EventType "swiss"]
[EventRounds "7"]
[EventCountry "FRA"]

1. e4 e5 2. Nf3 Nc6 3. Bb5 Bc5 4. d3 Qf6 5. Bg5 Qg6 6. Nc3 h6 7. Nd5 Bb6 8.
Nxb6 axb6 9. Bxc6 bxc6 10. Be3 d6 11. Rg1 Ne7 12. a3 Qe6 13. h3 f5 14. exf5
Qxf5 15. Qd2 d5 16. Nh2 d4 17. Bxd4 exd4 18. O-O-O O-O 19. Qb4 c5 20. Qc4+ Qd5
21. Qxd5+ Nxd5 22. g4 Rxf2 23. Nf1 Bb7 24. h4 Re8 25. Ng3 Ne3 26. Rde1 Ref8 27.
Nf5 Nxf5 28. gxf5 R8xf5 29. b3 Rh2 30. a4 Rff2 31. Ref1 Bf3 32. b4 Rxc2+ 33.
Kb1 0-1

[Event "OPEN74"]
[Site "Annecy"]
[Date "2024.05.08"]
[Round "1.5"]
[White "Loubet, Pierre"]
[Black "de abreu, Orlando"]
[Result "0-1"]
[WhiteElo "1611"]
[BlackElo "2004"]
[PlyCount "80"]
[EventDate "2024.05.08"]
[EventType "swiss"]
[EventRounds "7"]
[EventCountry "FRA"]

1. e4 e5 2. Nf3 Nf6 3. d4 exd4 4. Nxd4 Nc6 5. Nxc6 bxc6 6. e5 Qe7 7. Qe2 Nd5 8.
c4 Ba6 9. b3 g5 10. Ba3 Nb4 11. Bb2 Bg7 12. a3 Nd5 13. e6 Bxb2 14. Qxb2 Qxe6+
15. Be2 Nf6 16. O-O O-O-O 17. Nc3 Qf5 18. b4 Bb7 19. Na4 d6 20. c5 Qe5 21. Qc2
Rde8 22. Rfe1 Kb8 23. Qc3 d5 24. Qxe5 Rxe5 25. b5 Rhe8 26. Kf1 Ne4 27. f3 Nd2+
28. Kf2 Nb3 29. Rad1 Na5 30. b6 axb6 31. cxb6 cxb6 32. Nxb6 Kc7 33. Na4 Nb3 34.
Rd3 Ba6 35. Rxb3 Rxe2+ 36. Rxe2 Rxe2+ 37. Kg3 Bc4 38. Rb1 f5 39. Nb2 f4+ 40.
Kh3 Ba2 0-1

[Event "OPEN74"]
[Site "Annecy"]
[Date "2024.05.08"]
[Round "1.14"]
[White "cheylan, benjamin"]
[Black "le moullec, nicolas"]
[Result "0-1"]
[WhiteElo "1466"]
[BlackElo "1798"]
[PlyCount "56"]
[EventDate "2024.05.08"]
[EventType "swiss"]
[EventRounds "7"]
[EventCountry "FRA"]

1. e4 e5 2. Nc3 Nc6 3. Bc4 Nf6 4. d3 Bc5 5. f4 d6 6. Nf3 exf4 7. Bxf4 h6 8. h3
a6 9. a4 Nd4 10. e5 Qe7 11. Kd2 dxe5 12. Bxe5 Nc6 13. Re1 Be6 14. Bxe6 fxe6 15.
Bxf6 gxf6 16. Nd5 Qf7 17. Qe2 O-O-O 18. Nc3 Rhe8 19. Ne4 Bf8 20. Rf1 f5 21. Ng3
Qg7 22. Nh5 Qxb2 23. Rfb1 Bb4+ 24. Kd1 Qc3 25. Qd2 Qc5 26. Qe2 Nd4 27. Nxd4
Qxd4 28. Ng7 Qg1+ 0-1

[Event "OPEN74"]
[Site "Annecy"]
[Date "2024.05.08"]
[Round "1.2"]
[White "Fezard, Gabriel"]
[Black "Sabatier, Ethan"]
[Result "0-1"]
[WhiteElo "1638"]
[BlackElo "2108"]
[PlyCount "80"]
[EventDate "2024.05.08"]
[EventType "swiss"]
[EventRounds "7"]
[EventCountry "FRA"]

1. c4 b6 2. Nc3 Bb7 3. e4 e6 4. f4 c5 5. Nf3 Nc6 6. g3 d6 7. Bg2 Qc7 8. d4 cxd4
9. Nxd4 a6 10. Be3 Nf6 11. Rc1 Be7 12. h3 Rc8 13. b3 Nd7 14. O-O O-O 15. a3
Rfd8 16. Nce2 Nc5 17. Qc2 a5 18. Rb1 Bf6 19. Rfd1 Nxd4 20. Nxd4 Bxd4 21. Rxd4
a4 22. bxa4 Bc6 23. e5 dxe5 24. Rxd8+ Rxd8 25. Bxc6 Qxc6 26. fxe5 Qf3 27. Qf2
Qe4 28. Rf1 Qg6 29. Bxc5 bxc5 30. Qg2 h6 31. Kh1 Rd3 32. Kh2 Rxa3 33. Qf2 Rc3
34. Qf4 Kh8 35. Rc1 Ra3 36. Qf2 Rxa4 37. Qxc5 Ra2+ 38. Kg1 Qxg3+ 39. Kf1 Qg2+
40. Ke1 Qe2# 0-1

[Event "OPEN74"]
[Site "Annecy"]
[Date "2024.05.08"]
[Round "2.5"]
[White "Tivoly, Jean Francois"]
[Black "Lakomsky, Didier"]
[Result "0-1"]
[WhiteElo "1746"]
[BlackElo "1898"]
[PlyCount "34"]
[EventDate "2024.05.08"]
[EventType "swiss"]
[EventRounds "7"]
[EventCountry "FRA"]

1. e4 e6 2. d4 d5 3. Bd3 c5 4. exd5 exd5 5. dxc5 Bxc5 6. Nc3 Nf6 7. Qe2+ Be6 8.
Bg5 O-O 9. h3 Nc6 10. Nf3 Re8 11. O-O-O Bb4 12. Bd2 Qa5 13. Qf1 d4 14. Nb1 Qxa2
15. Be1 Rac8 16. Nxd4 Nxd4 17. Bxb4 Nb3# 0-1

[Event "OPEN74"]
[Site "Annecy"]
[Date "2024.05.08"]
[Round "2.22"]
[White "Croce, Pierre"]
[Black "Fezard, Gabriel"]
[Result "0-1"]
[WhiteElo "1421"]
[BlackElo "1638"]
[PlyCount "66"]
[EventDate "2024.05.08"]
[EventType "swiss"]
[EventRounds "7"]
[EventCountry "FRA"]

1. d4 d5 2. Nc3 Nf6 3. Bf4 a6 4. f3 Bf5 5. e3 Nbd7 6. Nxd5 Nxd5 7. e4 Nxf4 8.
exf5 b5 9. g3 Nd5 10. f4 Ne3 11. Qd3 Nxf1 12. Qxf1 g6 13. fxg6 hxg6 14. O-O-O
e6 15. Qe1 Bg7 16. c3 Nb6 17. Nf3 Qd5 18. Ne5 Qxa2 19. h4 Bxe5 20. Qxe5 O-O-O
21. h5 Nc4 22. Qe2 Qa1+ 23. Kc2 Qxb2+ 24. Kd3 Qxe2+ 25. Kxe2 Rxh5 26. Rxh5 gxh5
27. Rh1 Rh8 28. Rh4 f5 29. Kd3 Nd6 30. Rh2 Ne4 31. Rg2 Rg8 32. c4 Rxg3+ 33.
Rxg3 Nxg3 0-1

[Event "OPEN74"]
[Site "Annecy"]
[Date "2024.01.14"]
[Round "2.20"]
[White "Ferret, Clement"]
[Black "Lorenzini, Odile"]
[Result "1-0"]
[WhiteElo "1740"]
[BlackElo "1436"]
[PlyCount "49"]
[EventDate "2024.05.08"]
[EventType "swiss"]
[EventRounds "7"]
[EventCountry "FRA"]

1. e4 c6 2. d4 d5 3. Nc3 dxe4 4. Nxe4 Bf5 5. Ng3 Bg6 6. Nf3 Nd7 7. h4 h6 8. h5
Bh7 9. Bd3 Ngf6 10. Bxh7 Nxh7 11. Qd3 e6 12. Bd2 Be7 13. O-O-O O-O 14. Ne4 Ndf6
15. Nxf6+ Bxf6 16. g4 Ng5 17. Nxg5 Bxg5 18. f4 Bh4 19. Qe3 b5 20. g5 Qd5 21.
Kb1 hxg5 22. fxg5 Bxg5 23. Qxg5 Rad8 24. h6 Qxg5 25. Bxg5 1-0

[Event "OPEN74"]
[Site "Annecy"]
[Date "2024.01.14"]
[Round "2.10"]
[White "Riu, Sebastien"]
[Black "Lalou, Olivier"]
[Result "0-1"]
[WhiteElo "1678"]
[BlackElo "1821"]
[PlyCount "58"]
[EventDate "2024.05.08"]
[EventType "swiss"]
[EventRounds "7"]
[EventCountry "FRA"]

1. e4 c6 2. d4 d5 3. e5 c5 4. Nf3 Nc6 5. Bb5 Bg4 6. O-O e6 7. c3 cxd4 8. cxd4
Nge7 9. Qd3 Bxf3 10. Qxf3 Nf5 11. Be3 Qb6 12. Bxc6+ bxc6 13. Qf4 Qxb2 14. Nd2
Qa3 15. Rfb1 Qa6 16. Rb3 Be7 17. Rab1 O-O 18. Rb7 Bd8 19. R7b3 Bb6 20. g4 Nxe3
21. Rxe3 Qxa2 22. Rh3 Ba5 23. Rbb3 Qxd2 24. Qg3 Qd1+ 25. Kg2 Qxd4 26. Qh4 Qe4+
27. Rbf3 Qg6 28. g5 Bd8 29. Rfg3 Qe4+ 0-1

[Event "OPEN74"]
[Site "Annecy"]
[Date "2024.01.14"]
[Round "2.8"]
[White "Alcantara, Regis"]
[Black "Bigillon, Mats"]
[Result "0-1"]
[WhiteElo "1692"]
[BlackElo "1839"]
[PlyCount "57"]
[EventDate "2024.05.08"]
[EventType "swiss"]
[EventRounds "7"]
[EventCountry "FRA"]

1. e4 c5 2. d4 cxd4 3. c3 d3 4. Nf3 Nc6 5. Bxd3 d6 6. Nbd2 e6 7. Nc4 Be7 8. Be3
Nf6 9. h3 Qc7 10. Nh2 d5 11. Nd2 dxe4 12. Nxe4 Nd5 13. Bg5 Bxg5 14. Nxg5 Qe5+
15. Ne4 f5 16. Nf3 Qc7 17. Ng3 O-O 18. Bxf5 Nf4 19. Be4 Nxg2+ 20. Ke2 Nf4+ 21.
Kf1 b6 22. Rg1 Ba6+ 23. Ke1 Rad8 24. Qa4 Nd3+ 25. Bxd3 Bxd3 26. Qg4 Qf7 27. Nh5
Bg6 28. Nxg7 Kxg7 29. Rg3 0-1

[Event "OPEN74"]
[Site "Annecy"]
[Date "2024.05.08"]
[Round "2.1"]
[White "Verdier, Karl"]
[Black "Saya, Ethan"]
[Result "0-1"]
[WhiteElo "1773"]
[BlackElo "2234"]
[PlyCount "56"]
[EventDate "2024.05.08"]
[EventType "swiss"]
[EventRounds "7"]
[EventCountry "FRA"]

1. e4 e6 2. d3 d5 3. Nd2 Nf6 4. g3 Nc6 5. Bg2 Bc5 6. exd5 Nxd5 7. Ngf3 e5 8.
O-O O-O 9. a3 a5 10. Ne4 Bb6 11. Bd2 f6 12. Nc3 Be6 13. Nxd5 Bxd5 14. Be3 Bxe3
15. fxe3 e4 16. Nd4 Nxd4 17. exd4 e3 18. c3 Re8 19. Qe2 Ra6 20. Bxd5+ Qxd5 21.
Rae1 Rb6 22. Qc2 Ree6 23. Re2 f5 24. Qc1 h6 25. b4 axb4 26. axb4 Rbc6 27. Rf4
g5 28. c4 gxf4 0-1

[Event "OPEN74"]
[Site "Annecy"]
[Date "2024.01.08"]
[Round "2.3"]
[White "Lorenter, Patrick"]
[Black "piffault, Pierre Yves"]
[Result "0-1"]
[WhiteElo "1751"]
[BlackElo "2062"]
[PlyCount "86"]
[EventDate "2024.05.08"]
[EventType "swiss"]
[EventRounds "7"]
[EventCountry "FRA"]

1. e4 e5 2. Nf3 Nc6 3. Bb5 Nf6 4. O-O Nxe4 5. Qe2 Nd6 6. Bxc6 dxc6 7. Qxe5+ Qe7
8. Qa5 Be6 9. Re1 Nc4 10. Qc3 Qb4 11. Nd4 Qxc3 12. dxc3 O-O-O 13. Nxe6 fxe6 14.
b3 Nb6 15. c4 Bc5 16. Be3 Bxe3 17. fxe3 (17. Rxe3 Rd1+ 18. Re1 Rxe1#) 17...
Rhf8 18. Nc3 Rd2 19. Re2 Rxe2 20. Nxe2 Kd7 21. Rd1+ Ke7 22. Ng3 Nd7 23. Rf1
Rxf1+ 24. Kxf1 Kd6 25. Ke2 Ke5 26. Kf3 b5 27. cxb5 cxb5 28. c3 Nc5 29. Ne2 Ne4
30. g3 c5 31. Kg2 a5 32. Kf1 Nd2+ 33. Ke1 Nf3+ 34. Kf2 Nxh2 35. Kg2 Ng4 36. Kf3
Nf6 37. Nf4 c4 38. bxc4 bxc4 39. Ne2 Nd5 40. a3 a4 41. g4 Kd6 42. Ke4 e5 43.
Ng1 Nxc3+ 0-1

[Event "OPEN74"]
[Site "Annecy"]
[Date "2024.05.08"]
[Round "2.2"]
[White "Sabatier, Mathis"]
[Black "Blanc, Nicolas"]
[Result "1-0"]
[WhiteElo "2108"]
[BlackElo "1759"]
[PlyCount "97"]
[EventDate "2024.05.08"]
[EventType "swiss"]
[EventRounds "7"]
[EventCountry "FRA"]

1. d4 d5 2. c4 e6 3. Nf3 c5 4. cxd5 exd5 5. g3 Nc6 6. Bg2 Nf6 7. O-O h6 8. Nc3
cxd4 9. Nxd4 Bc5 10. Nb3 Bb6 11. Nxd5 Be6 12. Nxb6 axb6 13. Qxd8+ Nxd8 14. Be3
Nd5 15. Bxd5 Bxd5 16. Bxb6 O-O 17. Rfd1 Be6 18. Nc5 Bh3 19. a4 Nc6 20. a5 Rfe8
21. e3 Bg4 22. Rd6 Bc8 23. Ra4 Ne5 24. Kg2 f6 25. h3 Kf7 26. f4 Nc6 27. e4 Ke7
28. Rd2 g5 29. f5 Ne5 30. Bc7 Nc6 31. b4 Kf7 32. b5 Ne5 33. b6 Re7 34. Rd6 Nd7
35. Nd3 Nb8 36. Bxb8 Rxb8 37. Rad4 Ra8 38. R6d5 Ke8 39. Rd8+ Kf7 40. Kf3 h5 41.
g4 hxg4+ 42. hxg4 Re8 43. R8d5 Re7 44. e5 fxe5 45. Nxe5+ Kg7 46. Rc4 Kf6 47.
Ke4 Bd7 48. Rd6+ Kg7 49. f6+ 1-0

[Event "OPEN74"]
[Site "Annecy"]
[Date "2024.05.08"]
[Round "2.6"]
[White "Lamouille, Patrick"]
[Black "Gaudissard, Dominique"]
[Result "0-1"]
[WhiteElo "1882"]
[BlackElo "1742"]
[PlyCount "96"]
[EventDate "2024.05.08"]
[EventType "swiss"]
[EventRounds "7"]
[EventCountry "FRA"]

1. d4 Nf6 2. c4 e6 3. Nf3 d5 4. g3 Nbd7 5. Bg2 Be7 6. O-O O-O 7. b3 c5 8. e3 b6
9. Ne5 Bb7 10. Bb2 Qc7 11. Na3 a6 12. Rc1 Rad8 13. Qe2 Rfe8 14. Rfd1 cxd4 15.
exd4 Qb8 16. Nc2 Ne4 17. Ne3 Nxe5 18. dxe5 Bc5 19. Bxe4 dxe4 20. Ng4 Qc7 21.
Rxd8 Rxd8 22. Re1 e3 23. Nxe3 Qc6 24. f3 b5 25. Kg2 Qb6 26. Bc1 Bd4 27. Ng4 h5
28. Nf2 bxc4 29. bxc4 Bc3 30. Rd1 Rxd1 31. Nxd1 Bd4 32. Be3 Bxe3 33. Qxe3 Qb1
34. Qe2 a5 35. Ne3 a4 36. Kf2 a3 37. Nd1 g5 38. Qd2 Qf5 39. Qe3 g4 40. f4 Bf3
41. Qd2 Qe4 42. Qd8+ Kh7 43. Qd2 Qxc4 44. Ne3 Qb5 45. Qc2+ Kg7 46. h3 Qb2 47.
hxg4 Be4 48. Qe2 Bd3 0-1

[Event "OPEN74"]
[Site "Annecy"]
[Date "2024.05.09"]
[Round "3.15"]
[White "Loubet, Pierre"]
[Black "Verdier, Karl"]
[Result "0-1"]
[WhiteElo "1611"]
[BlackElo "1773"]
[PlyCount "32"]
[EventDate "2024.05.08"]
[EventType "swiss"]
[EventRounds "7"]
[EventCountry "FRA"]

1. e4 c5 2. Nf3 Nc6 3. c3 d5 4. e5 Bg4 5. Bb5 e6 6. d4 cxd4 7. cxd4 Nge7 8. Bg5
Qb6 9. Nc3 a6 10. Bxe7 Bxe7 11. Bxc6+ bxc6 12. O-O Qxb2 13. Qa4 O-O 14. Qxc6
Rfc8 15. Nxd5 exd5 16. Qd7 Bxd7 0-1

[Event "OPEN74"]
[Site "Annecy"]
[Date "2024.05.09"]
[Round "3.11"]
[White "De Man, Hilarion"]
[Black "Colandrea, Sauveur"]
[Result "1-0"]
[WhiteElo "1199"]
[BlackElo "1740"]
[PlyCount "51"]
[EventDate "2024.05.08"]
[EventType "swiss"]
[EventRounds "7"]
[EventCountry "FRA"]

1. e4 c5 2. Nf3 e6 3. d4 cxd4 4. Nxd4 a6 5. Be3 Nf6 6. Nc3 Qc7 7. a3 b5 8. f3
b4 9. axb4 Bxb4 10. Bd2 d5 11. Bd3 Bb7 12. Qe2 Nbd7 13. O-O Bc5 14. Be3 e5 15.
Nf5 d4 16. Nxg7+ Kf8 17. Bh6 Kg8 18. Nd1 Bf8 19. Nf5 Bxh6 20. Nxh6+ Kf8 21.
Bxa6 Bxa6 22. Rxa6 Kg7 23. Nf5+ Kg6 24. Qf2 Rxa6 25. Qg3+ Kh5 26. Qh4+ 1-0

[Event "OPEN74"]
[Site "Annecy"]
[Date "2024.05.09"]
[Round "3.4"]
[White "Gaudissard, Dominique"]
[Black "De Abreu, Orlando"]
[Result "0-1"]
[WhiteElo "1742"]
[BlackElo "2004"]
[PlyCount "55"]
[EventDate "2024.05.08"]
[EventType "swiss"]
[EventRounds "7"]
[EventCountry "FRA"]

1. e4 e5 2. Nf3 Nc6 3. Bc4 Nf6 4. d3 Be7 5. O-O O-O 6. c3 d5 7. exd5 Nxd5 8.
Re1 Nb6 9. Bb3 Bg4 10. Qe2 Kh8 11. Nbd2 f5 12. Nf1 Bd6 13. h3 Bh5 14. Ng3 Bxf3
15. gxf3 Qh4 16. Kg2 Rf6 17. Kh2 e4 18. f4 Rh6 19. Qf1 Bxf4 20. Bxf4 Qxf4 21.
dxe4 Ne5 22. Bd1 Rd8 23. exf5 Nbc4 24. Re4 Qd2 25. Be2 Qxb2 26. Rd1 Rxd1 27.
Qxd1 Rd6 28. Rd4 0-1

[Event "OPEN74"]
[Site "Annecy"]
[Date "2024.05.09"]
[Round "3.8"]
[White "Hodot, Yves"]
[Black "Noel, Nicolas"]
[Result "1/2-1/2"]
[WhiteElo "1802"]
[BlackElo "1736"]
[PlyCount "65"]
[EventDate "2024.05.08"]
[EventType "swiss"]
[EventRounds "7"]
[EventCountry "FRA"]

1. e4 e6 2. d4 d5 3. e5 c5 4. c3 Nc6 5. Nf3 Qb6 6. a3 cxd4 7. cxd4 Nh6 8. Bd3
Nf5 9. Bxf5 exf5 10. O-O Be6 11. Nc3 h6 12. b4 Be7 13. Na4 Qb5 14. Bb2 O-O 15.
Nc3 (15. Rc1 Rac8 16. Nc3 Qb6 17. Na4 Qb5 18. Nc3) 15... Qb6 16. Qd3 a6 17. Na4
Qb5 18. Qxb5 axb5 19. Nc3 Na7 20. Ne1 Rfc8 21. Nd3 Rc4 22. Nd1 Nc6 23. Ne3 Nxd4
24. Nxc4 Ne2+ 25. Kh1 bxc4 26. Nc1 Nxc1 27. Rfxc1 Bg5 28. Rd1 h5 29. g3 Bd8 30.
Bd4 Bc7 31. f4 Ra4 32. Kg2 Bd8 33. h4 1/2-1/2

[Event "OPEN74"]
[Site "Annecy"]
[Date "2024.05.09"]
[Round "4.21"]
[White "Jeronymo, Mathis"]
[Black "Combaz, Jean Michel"]
[Result "0-1"]
[WhiteElo "1530"]
[BlackElo "1797"]
[PlyCount "60"]
[EventDate "2024.05.08"]
[EventType "swiss"]
[EventRounds "7"]
[EventCountry "FRA"]

1. d4 c6 2. c4 d5 3. Nc3 dxc4 4. e3 b5 5. a4 b4 6. Na2 (6. Ne4 Qd5 7. Ng3 Nf6
8. Be2) 6... a5 7. Bxc4 Ba6 8. Bxa6 Nxa6 9. Nf3 e6 10. Bd2 Bd6 11. Nc1 c5 12.
Nd3 cxd4 13. Nxd4 Nf6 14. Nc1 O-O 15. Nce2 Qb6 16. Rc1 Rfc8 17. O-O Be5 18. Rc2
Qb7 19. Qc1 Rxc2 20. Qxc2 Rc8 21. Qb1 Ne4 22. Qd1 Nac5 23. f3 Nxd2 24. Qxd2
Nxa4 25. Rc1 Nb6 26. Nc6 Bxb2 27. Nxa5 Bxc1 28. Nxc1 Qc7 29. Ncb3 Qc3 30. Qd6
Qe1# 0-1

[Event "OPEN74"]
[Site "Annecy"]
[Date "2024.05.09"]
[Round "4.15"]
[White "Lorenter, Patrick"]
[Black "Chamiot-Clerc, Pierre"]
[Result "1/2-1/2"]
[WhiteElo "1751"]
[BlackElo "1649"]
[PlyCount "55"]
[EventDate "2024.05.08"]
[EventType "swiss"]
[EventRounds "7"]
[EventCountry "FRA"]

1. e4 c5 2. Nf3 d6 3. d4 cxd4 4. Qxd4 Nc6 5. Bb5 Bd7 6. Bxc6 Bxc6 7. Nc3 Nf6 8.
Bg5 e6 9. O-O-O Be7 10. Qd3 Ng4 (10... Qa5) (10... O-O) 11. Bxe7 Qxe7 12. Qd2
O-O 13. h3 Nf6 14. Rhe1 Rfd8 15. Nd4 a6 16. g4 Qc7 17. Qe2 b5 18. g5 Ne8 19. h4
b4 20. Nxc6 Qxc6 21. Nb1 Rac8 22. Rd3 a5 23. f4 Rd7 24. Rf1 Rdc7 25. Rf2 a4 26.
c3 Qb5 27. a3 bxc3 28. Rxc3 1/2-1/2

[Event "OPEN74"]
[Site "Annecy"]
[Date "2024.05.09"]
[Round "4.3"]
[White "Bigillon, Mats"]
[Black "Lakomsky, Didier"]
[Result "1/2-1/2"]
[WhiteElo "1839"]
[BlackElo "1898"]
[PlyCount "51"]
[EventDate "2024.05.08"]
[EventType "swiss"]
[EventRounds "7"]
[EventCountry "FRA"]

1. e4 e6 2. d4 d5 3. Nc3 Nf6 4. e5 Nfd7 5. f4 c5 6. Nf3 Nc6 7. Be3 Be7 8. Qd2
b6 9. Be2 Bb7 10. O-O f5 11. exf6 Nxf6 12. Bb5 O-O 13. Rad1 Nxd4 14. Bxd4 cxd4
15. Nxd4 Bc5 16. Kh1 Ng4 17. Qe2 Qh4 18. h3 e5 19. Qxg4 Qxg4 20. hxg4 Bxd4 21.
fxe5 Bxe5 22. Rf5 Rxf5 23. gxf5 Rd8 24. Nxd5 Bxd5 25. Rxd5 Rxd5 26. Bc4 1/2-1/2

[Event "OPEN74"]
[Site "Annecy"]
[Date "2024.05.09"]
[Round "4.4"]
[White "Vouillamoz, Damien"]
[Black "De Man, Hilarion"]
[Result "1-0"]
[WhiteElo "1789"]
[BlackElo "1199"]
[PlyCount "47"]
[EventDate "2024.05.08"]
[EventType "swiss"]
[EventRounds "7"]
[EventCountry "FRA"]

1. e4 e5 2. Nf3 d6 3. d4 exd4 4. Nxd4 Nf6 5. Nc3 Bd7 6. f3 Nc6 7. Be3 a6 8. Be2
Be7 9. g4 Ne5 10. g5 Ng8 11. f4 Nc6 12. Qd2 Na7 13. O-O-O c6 14. h4 h5 15. Nf5
Bxf5 16. exf5 Qc7 17. Bxa7 Rxa7 18. Qd4 f6 19. Qxa7 Qc8 20. Bd3 fxg5 21. fxg5
Bd8 22. Rde1+ Kf8 23. Qe3 Qc7 24. Qe8# 1-0

[Event "OPEN74"]
[Site "Annecy"]
[Date "2024.05.09"]
[Round "4.2"]
[White "De Abreu, Orlando"]
[Black "Piffaut, Pierre Yves"]
[Result "0-1"]
[WhiteElo "2004"]
[BlackElo "2061"]
[PlyCount "56"]
[EventDate "2024.05.08"]
[EventType "swiss"]
[EventRounds "7"]
[EventCountry "FRA"]

1. e4 e5 2. Nf3 Nc6 3. Bc4 Nf6 4. Nc3 Bc5 5. b4 Bxb4 6. Nd5 Bd6 7. Bb2 O-O 8.
O-O Nxe4 9. Qe2 Ng5 10. Nxe5 Bxe5 11. Bxe5 Nxe5 12. Qxe5 Ne6 13. f4 c6 14. Ne3
d5 15. Bd3 Nc5 16. Bf5 Ne4 17. Rf3 Re8 18. Qd4 c5 19. Qb2 Nxd2 20. Rg3 d4 21.
Bxc8 Qxc8 22. Ng4 Ne4 23. Nh6+ Kf8 24. Nxf7 Nxg3 25. Ne5 Ne2+ 26. Kh1 Nxf4 27.
Re1 Rxe5 28. Rxe5 Qg4 0-1

[Event "OPEN74"]
[Site "Annecy"]
[Date "2024.05.10"]
[Round "5.26"]
[White "Simonetti, Raphael"]
[Black "Bras, Jacques"]
[Result "1-0"]
[WhiteElo "1199"]
[BlackElo "1413"]
[PlyCount "47"]
[EventDate "2024.05.08"]
[EventType "swiss"]
[EventRounds "7"]
[EventCountry "FRA"]

1. e4 e5 2. Nf3 Nc6 3. Nc3 Nf6 4. d4 Bb4 5. d5 Ne7 6. Nxe5 Nxe4 7. Qf3 O-O 8.
Qxe4 d6 9. Qxb4 dxe5 10. Bc4 Re8 11. O-O a6 12. Bg5 f6 13. d6+ Kh8 14. dxe7
Rxe7 15. Bh4 b5 16. Bb3 Bd7 17. a3 a5 18. Qc5 c6 19. Rad1 Qe8 20. h3 e4 21.
Rfe1 Re5 22. Qd6 Re7 23. Bg3 Be6 24. Rxe4 1-0

[Event "OPEN74"]
[Site "Annecy"]
[Date "2024.05.10"]
[Round "5.17"]
[White "Loubet, Pierre"]
[Black "Tivoly, Jean Francois"]
[Result "0-1"]
[WhiteElo "1611"]
[BlackElo "1746"]
[PlyCount "57"]
[EventDate "2024.05.08"]
[EventType "swiss"]
[EventRounds "7"]
[EventCountry "FRA"]

1. e4 e6 2. d4 d5 3. Nd2 Nc6 4. Ngf3 Nf6 5. e5 Ng8 6. Bd3 Nb4 7. Nf1 Nxd3+ 8.
Qxd3 Bd7 9. a4 h6 10. Ne3 c5 11. c3 c4 12. Qc2 Qb6 13. O-O Ne7 14. Nd2 Ng6 15.
b3 cxb3 16. Nxb3 Be7 17. Nc5 Bxc5 18. dxc5 Qxc5 19. Ba3 Qc6 20. Bd6 Rc8 21.
Rfc1 Nf4 22. g3 Nh3+ 23. Kf1 d4 24. Ng2 dxc3 25. Ne3 Ng5 26. h4 Qh1+ 27. Ke2
Qf3+ 28. Kf1 Ne4 (28... Ne4 29. Rd1 Nxg3+ 30. Ke1 Qh1+ 31. Nf1 Qxf1#) 29. Rd1 {
abandon} 0-1

[Event "OPEN74"]
[Site "Annecy"]
[Date "2024.05.10"]
[Round "5.19"]
[White "Cosnier , Francis"]
[Black "Ferret, Clement"]
[Result "0-1"]
[WhiteElo "1603"]
[BlackElo "1741"]
[PlyCount "46"]
[EventDate "2024.05.08"]
[EventType "swiss"]
[EventRounds "7"]
[EventCountry "FRA"]

1. e4 e6 2. d4 d5 3. Nd2 c5 4. exd5 Qxd5 5. Ngf3 Nf6 6. Bc4 Qd8 7. Nb3 cxd4 8.
Bb5+ Bd7 9. Qe2 a6 10. Bd3 Be7 11. O-O Nc6 12. Nfxd4 h6 13. Re1 O-O 14. Nxc6
Bxc6 15. Bf4 Qd5 16. f3 Nh5 17. Bg3 Nxg3 18. hxg3 Bd6 19. Rad1 Qg5 20. Bh7+
Kxh7 21. Rxd6 Qxg3 22. Qd3+ Kg8 23. Qe3 $4 Qxd6 0-1

[Event "OPEN74"]
[Site "Annecy"]
[Date "2024.05.10"]
[Round "5.6"]
[White "Lamouille, Patrick"]
[Black "Hirsch, Frantz"]
[Result "1-0"]
[WhiteElo "1864"]
[BlackElo "1817"]
[PlyCount "63"]
[EventDate "2024.05.08"]
[EventType "swiss"]
[EventRounds "7"]
[EventCountry "FRA"]

1. d4 Nf6 2. c4 c5 3. d5 b5 4. b3 bxc4 5. bxc4 d6 6. Bb2 Nbd7 7. Nd2 Qa5 8. Qc2
g6 9. Bc3 Qc7 10. h3 Bg7 11. Ngf3 O-O 12. e4 Rb8 13. Bd3 Nh5 14. Bxg7 Kxg7 15.
O-O Nf4 16. Rfe1 Nxd3 17. Qxd3 f6 18. Qc3 Ba6 19. Ng5 Qc8 20. Ne6+ Kg8 21. Nxf8
Kxf8 22. f4 Kf7 23. e5 dxe5 24. fxe5 Nxe5 25. Rxe5 fxe5 26. Qxe5 Rb6 27. Ne4
Bxc4 28. Ng5+ Ke8 29. Re1 Qb7 30. Ne6 Bxd5 31. Qh8+ Kf7 32. Qf8# 1-0

[Event "OPEN74"]
[Site "Annecy"]
[Date "2024.05.10"]
[Round "5.5"]
[White "Lakomsky, Didier"]
[Black "le blevec, Yelisey"]
[Result "1/2-1/2"]
[WhiteElo "1898"]
[BlackElo "1845"]
[PlyCount "41"]
[EventDate "2024.05.08"]
[EventType "swiss"]
[EventRounds "7"]
[EventCountry "FRA"]

1. Nf3 Nf6 2. g3 g6 3. Bg2 Bg7 4. c4 e6 5. d4 d5 6. O-O O-O 7. Nc3 Nbd7 8. Qc2
Re8 9. Rd1 b6 10. Ne5 Bb7 11. e4 dxe4 12. Nxe4 Nxe4 13. Nxd7 Nxf2 14. Bxb7 Nxd1
15. Bc6 Qe7 16. Bf4 Rad8 17. Rxd1 Rxd7 18. Be3 Red8 19. Bxd7 Rxd7 20. b3 c5 21.
dxc5 1/2-1/2

[Event "OPEN74"]
[Site "Annecy"]
[Date "2024.05.10"]
[Round "6.15"]
[White "Tivoly, jean francois"]
[Black "De Man, Hilarion"]
[Result "1-0"]
[WhiteElo "1746"]
[BlackElo "1199"]
[PlyCount "37"]
[EventDate "2024.05.08"]
[EventType "swiss"]
[EventRounds "7"]
[EventCountry "FRA"]

1. e4 e5 2. Nf3 Nc6 3. d4 exd4 4. Nxd4 g6 5. Nxc6 dxc6 6. Qxd8+ Kxd8 7. Bc4 Ke8
8. Bf4 Bd6 9. e5 Bc5 10. e6 Bxe6 11. Bxe6 fxe6 12. Be5 Nf6 13. Bxf6 Rf8 14. Bh4
Kf7 15. Nd2 Kg7 16. Ne4 Bb6 17. f3 Rf7 18. Ng5 Rd7 19. Rd1 1-0

[Event "OPEN74"]
[Site "Annecy"]
[Date "2024.05.10"]
[Round "6.20"]
[White "Frion, Sandrine"]
[Black "Simonetti, Raphael"]
[Result "1-0"]
[WhiteElo "1651"]
[BlackElo "1199"]
[PlyCount "98"]
[EventDate "2024.05.08"]
[EventType "swiss"]
[EventRounds "7"]
[EventCountry "FRA"]

1. e4 c6 2. d4 d5 3. e5 Bf5 4. Bd3 Bxd3 5. Qxd3 e6 6. Ne2 c5 7. c3 Nd7 8. O-O
Ne7 9. dxc5 Nxc5 10. Qb5+ Nd7 11. Bg5 Qb6 12. Qxb6 axb6 13. f4 h6 14. Bh4 Nf5
15. Bf2 Bc5 16. Nd4 Bxd4 17. cxd4 Ra4 18. Rd1 Ne7 19. b3 Rb4 20. Be1 Rb5 21.
Na3 Ra5 22. Bxa5 bxa5 23. Nb5 O-O 24. Rac1 Nc6 25. a3 Rb8 26. h3 f5 27. Rd3 Nf8
28. Nd6 Nd8 29. Kf2 h5 30. h4 g6 31. Rdc3 Nf7 32. Nxf7 Kxf7 33. Rc7+ Kg8 34.
Rc8 Rxc8 35. Rxc8 b5 36. Rb8 b4 37. a4 Kf7 38. Rb7+ Ke8 39. Ra7 Nd7 40. Rxa5
Kd8 41. Rb5 Kc7 42. Rxb4 Nb6 43. a5 Na8 44. Ra4 Kc6 45. Rb4 Kc7 46. Rb5 Kc8 47.
b4 Nc7 48. Rc5 Kb7 49. b5 Kc8 1-0